000 00407nam a2200157Ia 4500
008 210210b1984 xxu||||| |||| 00| 0 eng d
082 _a380.13 SHET
100 _aSHERLEKAR (S A).
245 _aTrade practices and consumerism. Ed 2.
250 _a
260 _aBombay.
_bHimalaya Publishing House
_c1984
300 _axiii,347
650 _aTrade, Consumerism
690 _aCommerce
906 _a045419
999 _c94994
_d94994